| 000 | 00948nam a2200253Ia 4500 | ||
|---|---|---|---|
| 003 | OSt | ||
| 005 | 20251028143511.0 | ||
| 008 | 210716s2016 xx 000 0 und d | ||
| 020 | _a9781785284991 | ||
| 040 | _cAIMIT LIBRARY | ||
| 041 | _aeng | ||
| 082 |
_a005.7689 _22 _bDIAJ |
||
| 100 |
_aDiakun, Josh. _9243003 |
||
| 245 |
_aSplunk operational intelligence cookbook : _bover 70 practical recipes to gain operational data intelligence with splunk enterprise / _cBy Josh Diakun, Paul R Johnson and Derek Mock. |
||
| 250 | _a2nd ed. | ||
| 260 |
_aMumbai : _bPackt Publishing Ltd , _c2016. |
||
| 300 |
_axi,415p. ; _bPB _c24 cm |
||
| 650 |
_aDashboards and visualizations- making data shine _9243004 |
||
| 650 |
_aBuilding an operational intelligence application _9243005 |
||
| 650 |
_aBeing proactive- creating alerts _9243006 |
||
| 700 |
_aJohnson, Paul R. _9243007 |
||
| 700 |
_aMock, Derek. _9243008 |
||
| 942 |
_2ddc _cBK _e2nd _k005.7689 DIAJ |
||
| 999 |
_c196755 _d196755 |
||